| 000 | 00644nam a22002057a 4500 | ||
|---|---|---|---|
| 005 | 20211127092552.0 | ||
| 008 | 211123b ||||| |||| 00| 0 eng d | ||
| 020 | _a9781788629157 | ||
| 040 | _cAIMIT LIBRARY | ||
| 082 |
_21st Edition _a519.55 KRIR |
||
| 100 |
_aKrispin, Rami. _eAuthor _910754 |
||
| 245 | _aHands-on time series analysis with R: perform time series analysis and forecasting using R. | ||
| 250 | _a1st Edition | ||
| 260 |
_aMumbai _bPackt _c2019 |
||
| 300 | _avi,433 | ||
| 650 | _2The time series object | ||
| 650 | _2Seasonality analysis | ||
| 650 | _2Correlation analysis | ||
| 942 |
_2ddc _cBK _e1st Edition _k519.55 KRIR |
||
| 999 |
_c220717 _d220717 |
||